| 000 | 00916cam a22002652 4500 | ||
|---|---|---|---|
| 001 | 0000003939 | ||
| 005 | 20151217145745.0 | ||
| 008 | 070517s xx 000 0 eng d | ||
| 020 |
_a0195101022 : _cGBP 88.99 |
||
| 040 |
_aKABU _cKABU |
||
| 050 | 0 |
_aQD272 _b.S6C74 |
|
| 100 | 1 |
_aCrews, Philip. _@0000154200 |
|
| 245 | 1 | 0 |
_aOrganic structure analysis / _cPhilip Crews, Jaime Rodriguez, Marcel Jaspars. |
| 260 |
_aNew York ; _aOxford : _bOxford University Press, _c1998. |
||
| 300 |
_axxiv, 552 p. : _bill. ; _c29 cm. |
||
| 440 | 0 |
_aTopics in organic chemistry _@0000154201 |
|
| 650 | 0 |
_aOrganic compounds _xAnalysis. _@0000154202 |
|
| 650 | 0 |
_aSpectrum analysis. _@0000153917 |
|
| 700 | 1 |
_aRodriguez, Jaime. _@0000154203 |
|
| 700 | 1 |
_aJaspars, Marcel. _@0000154204 |
|
| 908 | _a070517 | ||
| 950 | _@1 | ||
| 999 |
_c2319 _d2319 |
||